| 000 | 00661nam a2200241Ia 4500 | ||
|---|---|---|---|
| 008 | 160216s9999 xx 000 0 und d | ||
| 020 | _a0-7619-4180-0 | ||
| 050 | _aMAIN RA 427.8 | ||
| 050 | _b.L38 2004 | ||
| 100 | _aLaverack, Glenn | ||
| 245 | _aHealth promotion practice : | ||
| 245 | _bpower & empowerment / | ||
| 245 | _cGlenn Laverack. | ||
| 260 | _aLondon : | ||
| 260 | _bSAGE Publication Ltd. | ||
| 260 | _c2004 | ||
| 300 | _a157 pages : | ||
| 300 | _c24 cm. | ||
| 500 | _aIncludes bibliographical references and index. | ||
| 650 | _aCommunity health services. | ||
| 650 | _aHealth promotion. | ||
| 650 | _aPower (Social sciences). | ||
| 999 |
_c290894 _d290894 |
||